000 00293nam a2200121Ia 4500
008 250327s9999 xx 000 0 und d
020 _a9781529743791
082 _bHAN
_aCQR
100 _aHANLON; TUTEN
_934499
245 0 _aTHE SAGE HANDBOOK OF DIGITAL MARKETING
260 _bSAGE
942 _cBK
999 _c7293
_d7293